000 01095nam a2200217Ia 4500
001 15750
003 GE_BSU
008 181216s||||||||xx |||||||||||||| ||und||
020 _aISSN 19875851
040 _cGE_BSU
080 _a7.072(063)
245 _aხელოვნებათმცოდნეობითი ეტიუდები:STUDIES IN ART CRITICISM VI
245 _bსამეცნიერო შრომების კრებული
245 _cრედ:მაია ჭიჭილეიშვილი,ტომის რედ:სოფიო თავაძე;სარედ.საბჭ:ერმილე მესხია,ვასილ კიკნაძე,ლელა ოჩიაური და სხვ.
260 _aბათუმი
260 _bუნივერსალი
260 _c2015
300 _a397გვ;ილ;25სმ.
653 _aხელოვნებათმცოდნეობითი ეტიუდები:სამეცნიერო შრომების კრებული
942 _cBK
999 _c48848
_d48848